| 000 | 00527nam a22001937a 4500 | ||
|---|---|---|---|
| 003 | OSt | ||
| 005 | 20140310181839.0 | ||
| 008 | 130708t xxu||||| |||| 00| 0 eng d | ||
| 020 | _a9780007450541 | ||
| 050 |
_aPE 1449 _b.C712 2012 |
||
| 082 |
_aREF 428 _bH294 2012 |
||
| 245 | _aCollins Webster's easy learning English vocabulary / | ||
| 260 |
_aLondon : _bHarperCollins Pub, _c2012. |
||
| 300 |
_avii, 344 p. ; _c20 cm. |
||
| 521 | _aBasic Ed. Students | ||
| 541 | _j1 | ||
| 562 | _e1 | ||
| 942 |
_2lcc _cBK-GR _kREF |
||
| 999 |
_c4849 _d4849 |
||